00883nam a22002537a 4500999001500000001000500015003000900020005001700029008004100046020001500087040002600102082002000128100002500148245009800173250002700271260003700298300004900335490003000384650003400414700002800448700002300476942001200499952011800511 c6341d63412722BD-DhUAP20201230095749.0201230s1994 nyuar 1 0eng c a0071134549 aNNbengcNNdBD-DhUAP 223a363.728 LAG aLaGrega, Michael D.  aHazardous waste management /cMichael D. LaGrega, Phillip L. Buckingham and Jeffrey C. Evans. aInternational edition. aNew York :bMcGraw-Hill,cc1994. axxxii, 1146 pages :billustrations ;c23 cm. aCivil engineering series. 0aHazardous wastesxManagement. aBuckingham, Phillip L.  aEvans, Jeffrey C.  2ddccBK 00102ddc4070aUAPCLbUAPCLcGeneral Stacksd2020-12-30o363.728 LAGp3010002722r2020-12-30t1w2020-12-30yBK